000 00527nam a2200181 i 4500
001 bg
245 0 _aGeografia Polski :
_bśrodowisko przyrodnicze /
_cred. nauk. Leszek Starkel.
260 _aWarszawa :
_bWydaw. Naukowe PWN,
_c1991.
300 _a669, [1] s., [2] k. tabl. luz. ;
_c25 cm.
500 _adefekt br. stron 17, 20-21, 24-25, 29-30, 32.
020 _a8301096217
040 _cBPK
041 _apol
080 _a914.38
920 _a83-01-09621-7
942 _cKS
008 s pl f |000 0 pol
999 _c29623
_d29623
856 _uhttp://koha.tu.koszalin.pl/cgi-bin/koha/opac-detail.pl?biblionumber=29623
_yKatalog online BPK